00604nam a22001817a 4500003000900000008004100009040007100050082002000121245005500141260003600196300002900232440004400261650001700305650001900322650001900341650003900360700002300399AR-CdUCM190312b ||||| |||| 00| 0 spa d aMUNICIPALIDAD PROVINCIAL DEL CUSCOcBIBLIOTECA MUNICIPAL DEL CUSCO a985.009 / bH93 aA. de Humboldt; Enrique Meiggs /bEstuardo Nuñez aLima : bUniversitaria, c1966. a106 páginas ; c19 cm. aBiblioteca hombres del Perún : XXXIV aBiografías aA. de Humboldt aEnrique Meiggs a Hombres del Perú - Biografías aNuñez, Estuardo